00730 2200253 4500001002100000005001500021035002000036007000300056008004100059020002200100082001000122084001600132100001000148245014300158250001000301260003900311300002300350500001100373650002600384700001300410504003100423990001100454990001100465INLIS00000000000394620190820085224 a0010-0819000089ta190820 g 0 ind  a978-602-313-016-0 a614.4 a614.4 ANI p0 aANIES1 aPenyakit Berbasis Lingkungan :bBerbagai Penyakit Menular & Tidak Menular yang Disebabkan oleh Faktor Lingkungan /cAnies; editor, Rose KR acet.2 aYogyakarta :bAr-Ruzz Media,c2016 a298 hlm. ;c21 cm. aIndeks 4aLINGKUNGAN. KESEHATAN0 aROSE, KR aBibliografi : hlm. 291-293 a5811 a a5811 b